| 000 | 00000nam##2200000za#4500 |
| 001 | 9.570434 |
| 003 | CaOODSP |
| 005 | 20220302142610 |
| 007 | cr ||||||||||| |
| 008 | 150406|2005||||xxc|||||o f|0| 0 eng|d |
| 040 | |aCaOODSP|beng |
| 043 | |an-cn--- |
| 086 | 1 |aIu182-2/2005-B-06E-PDF |
| 110 | 1 |aCanada. |bIndustry Canada. |bMicro-Economic Policy Analysis Branch. |
| 245 | 14|aThe apprenticeship system in Canada : |h[electronic resource]|btrends and issues / |c[by] Andrew Sharpe, James Gibson. |
| 260 | |aOttawa - Ontario : |bIndustry Canada. |
| 300 | |a93p.|btables |
| 490 | 1 |aSkills Research Initiative - Working paper series|v2005 B-06 |
| 504 | |aBibliography. |
| 546 | |a(Résumé en français.) |
| 590 | |a12-10-Supp|b2012-03-23 |
| 720 | 1 |aSharpe, Andrew |
| 720 | 1 |aGibson, James |
| 830 | #0|aSkills Research Initiative working paper series ;|v2005 B-06|w(CaOODSP)9.506390 |
| 856 | 40|ahttp://publications.gc.ca|qPDF|s1.26 MB|uhttps://publications.gc.ca/collections/collection_2011/ic/Iu182-2-2005-B-06-eng.pdf|y2005 B-06 |